[Event "Brescia Province-ch"]
[Site "Ghedi"]
[Date "2015.01.24"]
[Round "1"]
[White "Campana, Andrea"]
[Black "Domenighini, Alessandro"]
[Result "0-1"]
[WhiteElo "1437"]
[BlackElo "1721"]
[PlyCount "92"]
[EventDate "2015.01.24"]
[EventType "swiss"]
[EventRounds "6"]
[EventCountry "ITA"]
[SourceTitle "EXT 2017"]
[Source "ChessBase"]
[SourceDate "2016.10.25"]
[SourceVersion "1"]
[SourceVersionDate "2016.10.25"]
[SourceQuality "1"]

1. d4 d5 2. c4 e6 3. Nc3 Nf6 4. Bg5 Be7 5. e3 Nbd7 6. Nf3 h6 7. Bh4 a6 8. cxd5 exd5 9. Bd3 0-0 10. 0-0 c6 11. Rc1 Re8 12. Re1 Ne4 13. Bxe7 Rxe7 14. Qc2 Ndf6 15. Ne5 Nxc3 16. Qxc3 Be6 17. h3 Re8 18. Qc5 Ne4 19. Bxe4 dxe4 20. a4 Qh4 21. Qd6 Rac8 22. Rc3 a5 23. Rc5 Red8 24. Ng6 Qf6 25. Ne7+ Kh7 26. Nxc8 Rxd6 27. Nxd6 Qe7 28. Nxe4 Bd5 29. Ng3 b6 30. Rc3 Qb4 31. e4 Qxb2 32. Rec1 Bb3 33. Rxc6 Qxd4 34. Rb1 Qxa4 35. Rxb6 Be6 36. Rb8 Qc2 37. f3 a4 38. R8b2 Qc5+ 39. Rf2 a3 40. Nh5 Qxh5 41. Rb8 a2 42. Ra8 Qc5 43. Ra4 Qe3 44. Ra5 Qd4 45. Ra3 a1Q+ 46. Rxa1 Qxa1+ 0-1

[Event "Brescia Province-ch"]
[Site "Ghedi"]
[Date "2013.02.03"]
[Round "5"]
[White "Domenighini, Alessandro"]
[Black "Cristiani, Cesare"]
[Result "0-1"]
[WhiteElo "1741"]
[BlackElo "2140"]
[PlyCount "98"]
[EventDate "2013.01.26"]
[EventType "swiss"]
[EventRounds "6"]
[EventCountry "ITA"]
[SourceTitle "EXT 2014"]
[Source "ChessBase"]
[SourceDate "2013.11.20"]
[SourceVersion "1"]
[SourceVersionDate "2013.11.20"]
[SourceQuality "1"]

1. d4 f5 2. c4 Nf6 3. Nf3 g6 4. e3 Bg7 5. Be2 d6 6. 0-0 0-0 7. Nbd2 Nc6 8. Rb1 a5 9. a3 e5 10. d5 Ne7 11. b3 h6 12. Bb2 g5 13. h3 Ng6 14. Nh2 Bd7 15. Qc2 Qe8 16. Rfe1 h5 17. Qd1 g4 18. hxg4 hxg4 19. g3 Bh6 20. Bf1 e4 21. Rc1 b6 22. Nb1 Ne5 23. Bxe5 Qxe5 24. Nc3 Qe8 25. Ne2 Qh5 26. Bg2 Kf7 27. Nf1 Rh8 28. b4 axb4 29. axb4 Ra2 30. Ra1 Rha8 31. Rxa2 Rxa2 32. Qb3 Ra7 33. b5 Bg7 34. Nf4 Qh8 35. Nd2 Qa8 36. Nb1 Ra1 37. Rd1 Bc8 38. Ne2 Nd7 39. Nd4 Nc5 40. Qc2 Ra2 41. Qc3 Qa4 42. Rf1 Be5 43. Qc1 Nd3 44. Qc3 Bd7 45. Bh1 Rb2 46. Qa3 Qxc4 47. Qa8 Bxd4 48. exd4 Nxf2 49. Qh8 Nh3+ 0-1

[Event "Brescia Province-ch"]
[Site "Ghedi"]
[Date "2013.01.27"]
[Round "3"]
[White "Ricci, Davide"]
[Black "Domenighini, Alessandro"]
[Result "1/2-1/2"]
[WhiteElo "1407"]
[BlackElo "1741"]
[PlyCount "67"]
[EventDate "2013.01.26"]
[EventType "swiss"]
[EventRounds "6"]
[EventCountry "ITA"]
[SourceTitle "EXT 2014"]
[Source "ChessBase"]
[SourceDate "2013.11.20"]
[SourceVersion "1"]
[SourceVersionDate "2013.11.20"]
[SourceQuality "1"]

1. d4 d5 2. c4 c6 3. Nc3 e6 4. Nf3 Bb4 5. Bd2 Bxc3 6. Bxc3 dxc4 7. e3 b5 8. Be2 Nf6 9. Nd2 Nd5 10. Ne4 Nxc3 11. bxc3 0-0 12. h4 Nd7 13. g4 f5 14. Ng3 f4 15. exf4 Rxf4 16. g5 Qf8 17. f3 Nb6 18. h5 Nd5 19. Qd2 Rxf3 20. Bxf3 Qxf3 21. Rg1 Qxc3 22. Qxc3 Nxc3 23. Kd2 Nd5 24. Ne4 Bd7 25. h6 g6 26. Raf1 Rf8 27. Rxf8+ Kxf8 28. Rf1+ Ke7 29. Nc5 Bc8 30. Ne4 Bd7 31. Nc5 Be8 32. Re1 Bf7 33. Rf1 a5 34. Nb7 1/2-1/2